| 000 | 00365 a2200133 4500 | ||
|---|---|---|---|
| 001 | 89182 | ||
| 082 | _a891.4391 WAL | ||
| 090 |
_c42132 _d42132 |
||
| 100 | _aWali Muhammad Wali; Ahmad Javed | ||
| 245 |
_aIntikhab kulyat wali _bselected best ghazliyat wa ashaar |
||
| 260 |
_aIslamabad _bAlhamra _c2003 |
||
| 300 | _a194 p. | ||
| 610 | _aurdu literature; poetry | ||
| 942 |
_aCAE NUST _k891.4391 WAL |
||
| 999 |
_c324255 _d324255 |
||